| 000 | 00908nmc a2200313 a 4500 | ||
|---|---|---|---|
| 003 | AR-BaBNM | ||
| 005 | 20251128205513.0 | ||
| 008 | 147119s1994 ||||||||||||||000 | spa|| | ||
| 020 | _a950-9467-35-9 | ||
| 040 | _cAR-BaBNM | ||
| 100 | 1 | _aIsuani, Ernesto Aldo | |
| 245 | 1 | 0 |
_aLa reforma previsional argentina _bopciones y riesgos |
| 260 |
_aBuenos Aires _bMiño y Dávila _c1994 |
||
| 300 | 0 |
_a159 p. _btablas, gráfs. |
|
| 490 | 0 | _aPolítica públicas | |
| 504 | _aBibliografía p. 157-159 | ||
| 650 | 4 | _aPOLITICA SOCIAL | |
| 650 | 4 | _aPROGRAMAS SOCIALES | |
| 650 | 4 | _aREFORMA SOCIAL | |
| 650 | 4 | _aSERVICIOS SOCIALES | |
| 650 | 4 | _aSEGURIDAD SOCIAL | |
| 650 | 4 | _aBIENESTAR SOCIAL | |
| 650 | 4 | _aPENSIONES | |
| 651 | 4 | _aArgentina | |
| 700 | 1 | _aSan Martino, Jorge A. | |
| 810 | 2 |
_aCentro interdisciplinario para el estudio de políticas públicas _edir. |
|
| 942 | _cBK | ||
| 998 | _cmariana | ||
| 999 |
_c11665 _d11665 |
||